[Event "Elit(Eksjo-Vasteras)"]
[Site "?"]
[Date "2012.02.04"]
[Round "5"]
[White "Malesevic, Nedeljko"]
[Black "Norberg, Johan"]
[Result "1-0"]
[WhiteElo "2362"]
[BlackElo "2349"]
[PlyCount "87"]
[EventDate "2012.??.??"]

1. d4 g6 2. c4 Bg7 3. Nc3 d6 4. e4 e5 5. dxe5 dxe5 6. Qxd8+ Kxd8 7. Bg5+ f6 8.
O-O-O+ Nd7 9. Be3 Bh6 10. Bxh6 Nxh6 11. Be2 c6 12. Nf3 Ke7 13. Ne1 Nc5 14. Nc2
a5 15. Rd2 Nf7 16. Rhd1 Be6 17. Ne3 f5 18. exf5 gxf5 19. g3 h5 20. h4 Rag8 21.
b3 f4 22. gxf4 exf4 23. Nc2 Ne5 24. Nd4 Bg4 25. f3 Bd7 26. Bf1 Re8 27. Nce2
Rhf8 28. Ng1 Kd8 29. Bh3 Kc7 30. Bxd7 Nexd7 31. Nh3 Re3 32. Ng5 Rfe8 33. Nf5
Re1 34. Ng7 R8e3 35. Nxh5 Rxd1+ 36. Rxd1 a4 37. Nxf4 axb3 38. axb3 Nxb3+ 39.
Kc2 Na5 40. Nfe6+ Kc8 41. c5 Re5 42. f4 Rf5 43. Ne4 Rh5 44. Nf6 1-0

[Event "Elit(Eksjo-Vasteras)"]
[Site "?"]
[Date "2012.02.04"]
[Round "5"]
[White "Akesson, Ralf"]
[Black "Ornstein, Axel"]
[Result "1-0"]
[WhiteElo "2444"]
[BlackElo "2442"]
[PlyCount "65"]
[EventDate "2012.??.??"]

1. d4 Nf6 2. c4 e6 3. Nf3 c5 4. d5 d6 5. Nc3 exd5 6. cxd5 g6 7. Bf4 a6 8. a4
Bg7 9. h3 O-O 10. e3 Qe7 11. Nd2 Nbd7 12. Be2 Ne8 13. O-O Ne5 14. Bh2 f5 15.
Qc2 Nc7 16. Rab1 a5 17. Rbe1 Bd7 18. Qb3 b5 19. axb5 Rfb8 20. f4 Nf7 21. e4
fxe4 22. Ndxe4 Nxb5 23. Bxb5 Bxb5 24. Nxb5 Qd7 25. f5 Rxb5 26. Qg3 Bd4+ 27. Kh1
Kg7 28. fxg6 hxg6 29. Nxd6 Nxd6 30. Re6 Qxe6 31. dxe6 Rb6 32. Qg5 Rf8 33. Qe7+
1-0

[Event "Elit(Eksjo-Vasteras)"]
[Site "?"]
[Date "2012.02.04"]
[Round "5"]
[White "Vernersson, Per"]
[Black "Nilsson, Andre"]
[Result "1-0"]
[WhiteElo "2454"]
[BlackElo "2325"]
[PlyCount "87"]
[EventDate "2012.??.??"]

1. d4 g6 2. e4 d6 3. c4 Bg7 4. Nc3 Nf6 5. Be2 O-O 6. Nf3 Na6 7. O-O e5 8. Re1
exd4 9. Nxd4 Nc5 10. Bf1 Re8 11. f3 c6 12. Be3 Ne6 13. Qd2 Nxd4 14. Bxd4 Be6
15. Rad1 Qa5 16. a3 Rad8 17. Qc1 Nd7 18. Bxg7 Kxg7 19. b4 Qb6+ 20. Kh1 Ne5 21.
c5 dxc5 22. Na4 Qc7 23. Nxc5 b6 24. Nxe6+ Rxe6 25. Qc3 f6 26. f4 Nf7 27. Rxd8
Qxd8 28. e5 b5 29. Qb3 Qd7 30. exf6+ Rxf6 31. Qc3 Qd6 32. g3 h5 33. Kg1 h4 34.
Bh3 Kf8 35. Bd7 hxg3 36. hxg3 Kg8 37. Bg4 Nh6 38. Rd1 Qf8 39. Bf3 g5 40. Bxc6
gxf4 41. Bd5+ Kh7 42. Be4+ Kg8 43. Rd7 fxg3 44. Qxg3+ 1-0

[Event "Elit(Eksjo-Vasteras)"]
[Site "?"]
[Date "2012.02.04"]
[Round "5"]
[White "Eriksson, Anders"]
[Black "Al-Saadi, Ali Ghazi"]
[Result "1-0"]
[WhiteElo "2312"]
[BlackElo "2157"]
[PlyCount "77"]
[EventDate "2012.??.??"]
[SourceDate "2012.02.07"]

1. Nf3 Nc6 2. d4 d5 3. g3 Bg4 4. Bg2 Qd7 5. h3 Bf5 6. c3 f6 7. b4 a5 8. b5 Na7
9. a4 Nc8 10. Nbd2 Nd6 11. Qb3 Be6 12. O-O c6 13. bxc6 bxc6 14. Kh2 Qc7 15. Ne1
Rb8 16. Qa2 Bf7 17. Nd3 Ne4 18. Qc2 Nxd2 19. Bxd2 Bg6 20. c4 Qd7 21. cxd5 cxd5
22. Bxa5 e6 23. Rfc1 Bd6 24. Nc5 Bxc5 25. Qxc5 Ne7 26. Bb4 Rb7 27. a5 Kf7 28.
a6 Ra7 29. Bf1 Rc8 30. Qb6 Rc4 31. e3 Nc8 32. Qa5 Rxc1 33. Rxc1 Nd6 34. Bc5 Ra8
35. Bxd6 Qxd6 36. Qc7+ Qxc7 37. Rxc7+ Kf8 38. Bb5 Be8 39. Bxe8 1-0

[Event "Elit(Eksjo-Vasteras)"]
[Site "?"]
[Date "2012.02.04"]
[Round "5"]
[White "Akvist, Hakan"]
[Black "Norberg, Erik"]
[Result "0-1"]
[WhiteElo "2061"]
[BlackElo "2234"]
[PlyCount "80"]
[EventDate "2012.??.??"]

1. d4 g6 2. c4 Bg7 3. Nc3 d6 4. e4 Nf6 5. f3 O-O 6. Be3 e5 7. d5 Ne8 8. g4 f5
9. gxf5 gxf5 10. Qd2 Qh4+ 11. Bf2 Qh5 12. O-O-O Nf6 13. Bd3 Na6 14. Kb1 Qg6 15.
Nge2 Qg2 16. Rdf1 Qxf3 17. Be3 Qh3 18. exf5 Nb4 19. Ng3 Nxd3 20. Qxd3 h5 21.
Nd1 Ng4 22. Bg5 h4 23. f6 Nxf6 24. Bxf6 Rxf6 25. Rxf6 Bxf6 26. Qg6+ Bg7 27. Nf2
Qd7 28. Nge4 Qf7 29. Qg5 Bf5 30. Qxh4 Qg6 31. Re1 Rf8 32. a3 Qg2 33. Ka2 Bxe4
34. Nxe4 Rf4 35. Qd8+ Kh7 36. Ng5+ Kh6 37. h4 e4 38. Rb1 Rf2 39. Kb3 Rxb2+ 40.
Rxb2 Qxb2+ 0-1

[Event "Elit(Eksjo-Vasteras)"]
[Site "?"]
[Date "2012.02.04"]
[Round "5"]
[White "Kimari, Patrick"]
[Black "Karlsson, Roger"]
[Result "1-0"]
[WhiteElo "2142"]
[BlackElo "1917"]
[PlyCount "69"]
[EventDate "2012.??.??"]

1. e4 c6 2. d4 d5 3. e5 Bf5 4. Nc3 e6 5. g4 Bg6 6. Nge2 h6 7. Nf4 Bh7 8. Bd3
Bxd3 9. Qxd3 c5 10. Be3 Nc6 11. O-O-O c4 12. Qe2 b5 13. Nxb5 Rb8 14. Nd6+ Bxd6
15. exd6 Qa5 16. Bd2 Qxa2 17. Bc3 Nf6 18. f3 Kd7 19. h4 Nb4 20. Rhe1 Qa1+ 21.
Kd2 Qa4 22. Rc1 Rhe8 23. g5 hxg5 24. hxg5 Ng8 25. g6 Nh6 26. gxf7 Nxf7 27. Qg2
Nxd6 28. Qxg7+ Re7 29. Qg4 Rbe8 30. Re5 Nf5 31. Nxe6 Rxe6 32. Qxf5 Kd6 33.
Rxe6+ Rxe6 34. Qf8+ Re7 35. Qb8+ 1-0

[Event "Elit(Eksjo-Vasteras)"]
[Site "?"]
[Date "2012.02.04"]
[Round "5"]
[White "Akerhed, Johan"]
[Black "Janse, Rasmus"]
[Result "0-1"]
[WhiteElo "1807"]
[BlackElo "2253"]
[PlyCount "56"]
[EventDate "2012.??.??"]
[SourceDate "2012.02.04"]

1. c4 g6 2. Nf3 Bg7 3. Nc3 d6 4. d4 Nd7 5. g3 e5 6. Bg2 Ngf6 7. O-O O-O 8. Qc2
c6 9. dxe5 dxe5 10. Bd2 Qc7 11. Rad1 Nc5 12. Be3 Bf5 13. Qc1 Nce4 14. Nxe4 Bxe4
15. Bc5 Rfd8 16. Rxd8+ Rxd8 17. Rd1 b5 18. Be3 Ng4 19. Rxd8+ Qxd8 20. Qd2 Qxd2
21. Bxd2 Bb1 22. h3 e4 23. Ng5 Nf6 24. f3 Bxa2 25. fxe4 Bxc4 26. e5 Nd7 27.
Bxc6 Nxe5 28. Be8 Bxe2 0-1

[Event "Elit(Kamraterna-LASK)"]
[Site "?"]
[Date "2012.02.18"]
[Round "6"]
[White "Tikkanen, Hans"]
[Black "Andreasson, Ingvar"]
[Result "1-0"]
[WhiteElo "2566"]
[BlackElo "2414"]
[PlyCount "79"]
[EventDate "2012.??.??"]

1. c4 e5 2. g3 Nc6 3. Bg2 g6 4. Nc3 Bg7 5. e4 d6 6. Nge2 Be6 7. Nd5 Nge7 8. O-O
O-O 9. h3 Qd7 10. Kh2 Rae8 11. Qa4 f5 12. d3 Rf7 13. Bg5 Nc8 14. Qb5 f4 15.
gxf4 h6 16. Bh4 Ref8 17. Bg3 a6 18. Qb3 Nd8 19. fxe5 dxe5 20. f4 c6 21. fxe5
Rxf1 22. Rxf1 Rxf1 23. Bxf1 cxd5 24. cxd5 Bf7 25. d4 g5 26. Nc3 Kh7 27. Qa4 Qe7
28. Qc4 Nc6 29. e6 Nb6 30. Qc5 Bxd4 31. Qxe7 Nxe7 32. exf7 Kg7 33. Bc7 Nd7 34.
Bc4 Nc8 35. Be2 Be5+ 36. Bxe5+ Nxe5 37. Bh5 Nd6 38. Kg3 b5 39. b4 Ndxf7 40. Kf2
1-0

[Event "Elit(Kamraterna-LASK)"]
[Site "?"]
[Date "2012.02.18"]
[Round "6"]
[White "Svensson, Bengt"]
[Black "Grandelius, Nils"]
[Result "1/2-1/2"]
[WhiteElo "2457"]
[BlackElo "2602"]
[PlyCount "56"]
[EventDate "2012.??.??"]

1. e4 c5 2. Nf3 e6 3. d4 cxd4 4. Nxd4 a6 5. Bd3 g6 6. O-O Bg7 7. Nb3 Ne7 8. c4
O-O 9. Nc3 Nbc6 10. Bf4 d5 11. exd5 exd5 12. c5 Ne5 13. Re1 N7c6 14. Na4 Bg4
15. f3 Bxf3 16. gxf3 Qh4 17. Bxe5 Nxe5 18. Nb6 Qxe1+ 19. Qxe1 Nxf3+ 20. Kg2
Nxe1+ 21. Rxe1 Rae8 22. Rd1 Re5 23. Na5 Rg5+ 24. Kf3 Rb8 25. Nd7 Rd8 26. Nb6
Rb8 27. Nd7 Rd8 28. Nb6 Rb8 1/2-1/2

[Event "Elit(Kamraterna-LASK)"]
[Site "?"]
[Date "2012.02.18"]
[Round "6"]
[White "Lund, Silas"]
[Black "Hamark, Jesper"]
[Result "1-0"]
[WhiteElo "2494"]
[BlackElo "2395"]
[PlyCount "87"]
[EventDate "2012.??.??"]

1. d4 d5 2. Nf3 Nf6 3. c4 e6 4. Nc3 c5 5. cxd5 Nxd5 6. e4 Nxc3 7. bxc3 cxd4 8.
cxd4 Bb4+ 9. Bd2 Bxd2+ 10. Qxd2 O-O 11. Bc4 Nc6 12. O-O b6 13. Rfe1 Bb7 14.
Rad1 Na5 15. Bd3 h6 16. h4 Qe7 17. h5 Rad8 18. Bb1 Nc4 19. Qe2 b5 20. Bd3 Rc8
21. Rc1 Nd6 22. Rc5 Rc7 23. e5 Nf5 24. Rxc7 Qxc7 25. Bxf5 exf5 26. Nh4 Be4 27.
f3 Qd8 28. Qf2 Bd5 29. Nxf5 Qg5 30. g4 Rd8 31. Qe3 Bxa2 32. Qxg5 hxg5 33. Ra1
Be6 34. Rxa7 b4 35. Ne7+ Kh7 36. Nc6 Rc8 37. Nxb4 Rc4 38. d5 Bxg4 39. fxg4 Rxb4
40. Rxf7 Rxg4+ 41. Kf2 Kg8 42. e6 Re4 43. Rf5 g4 44. Kg3 1-0

[Event "Elit(Kamraterna-LASK)"]
[Site "?"]
[Date "2012.02.18"]
[Round "6"]
[White "Aberg, Anton"]
[Black "Smith, Axel"]
[Result "1-0"]
[WhiteElo "2403"]
[BlackElo "2514"]
[PlyCount "165"]
[EventDate "2012.??.??"]

1. c4 c5 2. Nf3 Nc6 3. g3 g6 4. Bg2 Bg7 5. Nc3 e6 6. O-O Nge7 7. d3 O-O 8. a3
d5 9. Bd2 b6 10. Rb1 Bb7 11. b4 Nd4 12. Ne1 cxb4 13. axb4 Rc8 14. e3 Ndf5 15.
Ne2 Nd6 16. c5 Nb5 17. d4 e5 18. dxe5 Bxe5 19. Nf3 Bf6 20. Ned4 a6 21. Nxb5
axb5 22. Rc1 bxc5 23. bxc5 Nc6 24. Re1 b4 25. Rb1 Qa5 26. Nd4 Qxc5 27. Nxc6
Qxc6 28. Bxb4 Rfe8 29. Ba3 Red8 30. Bb2 Bxb2 31. Rxb2 Ba6 32. h4 Bc4 33. Qd4
Qc5 34. Qxc5 Rxc5 35. Rd1 Re8 36. g4 Kg7 37. Kh2 Ra8 38. Kg3 Ra2 39. Rb7 Rca5
40. Rd4 Ba6 41. Rc7 Bb5 42. Bxd5 Ra7 43. Rxf7+ Rxf7 44. Bxa2 Ra7 45. Bb3 h6 46.
Rd6 Be8 47. Rb6 Ra1 48. Bd5 Rd1 49. Be6 g5 50. h5 Rc1 51. Bd5 Rd1 52. Bf3 Rd2
53. Rb7+ Kf8 54. Be4 Rd6 55. Bf5 Rd1 56. Rh7 Bc6 57. f3 Rd6 58. Bg6 Rf6 59. e4
Bb5 60. Kf2 Rd6 61. e5 Re6 62. Rxh6 Rxe5 63. Be4 Bd7 64. Ke3 Ra5 65. Kd4 Be8
66. Bd5 Kg7 67. Rb6 Rb5 68. Ra6 Rb4+ 69. Ke5 Rb5 70. Ra7+ Kh6 71. Re7 Bf7 72.
Rd7 Bg8 73. Rd8 Bf7 74. Kf6 Bg6 75. hxg6 Rb8 76. Ke7 Rxd8 77. Kxd8 Kg7 78. Ke7
Kh6 79. g7 Kxg7 80. Ke6 Kg6 81. Be4+ Kg7 82. Kf5 Kh6 83. Bd3 1-0

[Event "Elit(Kamraterna-LASK)"]
[Site "?"]
[Date "2012.02.18"]
[Round "6"]
[White "Dragicevic, Drazen"]
[Black "Svenn, Matti"]
[Result "1-0"]
[WhiteElo "2338"]
[BlackElo "2262"]
[PlyCount "169"]
[EventDate "2012.??.??"]

1. Nf3 Nf6 2. c4 e6 3. b3 c5 4. Bb2 Be7 5. g3 b6 6. Bg2 Bb7 7. O-O O-O 8. Nc3
d5 9. Ne5 Qc8 10. cxd5 Nxd5 11. Nxd5 Bxd5 12. e4 Bb7 13. Qg4 f6 14. Nc4 e5 15.
Qh4 Nc6 16. f4 Qe8 17. Qg4 b5 18. Ne3 Bc8 19. Qe2 Rb8 20. Nd5 Bd6 21. fxe5 Bxe5
22. Bxe5 Qxe5 23. Rac1 Nd4 24. Qf2 Bg4 25. Rxc5 Rbc8 26. Rxc8 Rxc8 27. Ne7+
Qxe7 28. Qxd4 Rd8 29. Qe3 Qd7 30. Rf2 a6 31. e5 fxe5 32. Qxe5 h6 33. Be4 Kh8
34. d3 Bh3 35. Qf4 Qc8 36. d4 Re8 37. Bg2 Re1+ 38. Rf1 Rxf1+ 39. Bxf1 Bxf1 40.
Kxf1 Qc2 41. Qf2 Qd3+ 42. Kg2 Kh7 43. h4 Qe4+ 44. Kh2 h5 45. Qd2 Qd5 46. Qe3
Qf5 47. Qd2 Qd5 48. Qf4 g6 49. Qc7+ Kg8 50. Qf4 Kh7 51. Kg1 Qc6 52. Kf1 Qc2 53.
Qf7+ Kh6 54. Qf2 Qd3+ 55. Kg1 Kh7 56. Kh2 Kg8 57. Kh3 Kg7 58. Qf4 Kg8 59. Qb8+
Kh7 60. Qc7+ Kg8 61. Qd8+ Kf7 62. Qd7+ Kf8 63. Qd6+ Kf7 64. Qd5+ Kf8 65. Qc5+
Kg8 66. d5 Qf1+ 67. Kh2 Qe2+ 68. Kg1 Qe1+ 69. Kg2 Qe2+ 70. Qf2 Qd3 71. Qf3 Qd2+
72. Kh3 Qd4 73. Kg2 Qd2+ 74. Kf1 Qd4 75. Ke2 Qb2+ 76. Ke3 Qxa2 77. Kd4 Qd2+ 78.
Kc5 Qc2+ 79. Kb6 Qc8 80. Qf6 Qb8+ 81. Kxa6 Qa8+ 82. Kb6 Qxd5 83. Qxg6+ Kf8 84.
Qf6+ Kg8 85. Qg5+ 1-0

[Event "Elit(Kamraterna-LASK)"]
[Site "?"]
[Date "2012.02.18"]
[Round "6"]
[White "Borvander, Tom"]
[Black "Nilsson, Sebastian"]
[Result "0-1"]
[WhiteElo "2228"]
[BlackElo "2417"]
[PlyCount "61"]
[EventDate "2012.??.??"]

1. d4 Nf6 2. c4 g6 3. Nc3 Bg7 4. Nf3 O-O 5. g3 d6 6. Bg2 Nbd7 7. O-O e5 8. h3
a6 9. Rb1 Rb8 10. e4 b5 11. cxb5 axb5 12. b4 c6 13. Be3 Qe7 14. Re1 Rd8 15. Qc2
Ne8 16. Bg5 Bf6 17. Bxf6 Qxf6 18. d5 Bb7 19. Nd2 Nb6 20. Qd3 Nc7 21. Rec1 cxd5
22. exd5 Qf5 23. Nde4 Nbxd5 24. Ne2 Kg7 25. g4 Qd7 26. g5 Ne6 27. Qg3 Nef4 28.
Bf1 Nxe2+ 29. Bxe2 Nf4 30. Bg4 Bxe4 31. Bxd7 0-1

[Event "Elit(Kamraterna-LASK)"]
[Site "?"]
[Date "2012.02.18"]
[Round "6"]
[White "Olsson, Linus"]
[Black "Madebrink, Lars"]
[Result "1-0"]
[WhiteElo "2318"]
[BlackElo "2276"]
[PlyCount "53"]
[EventDate "2012.??.??"]
[SourceDate "2012.02.29"]

1. c4 f5 2. g3 Nf6 3. Bg2 g6 4. Nc3 Bg7 5. e3 d6 6. Nge2 e5 7. d3 a5 8. O-O O-O
9. a3 c6 10. Bd2 Be6 11. Rb1 Nbd7 12. b4 axb4 13. axb4 d5 14. c5 Bf7 15. Ra1
Rxa1 16. Qxa1 d4 17. exd4 exd4 18. Nxd4 Ne5 19. Nce2 Nxd3 20. Qa7 Ne4 21. Be3
Nexf2 22. Qxb7 Ng4 23. Nxc6 Qf6 24. Bd4 Qg5 25. Nf4 Re8 26. Bd5 Bxd5 27. Qxg7#
1-0

[Event "Elit(Kamraterna-LASK)"]
[Site "?"]
[Date "2012.02.18"]
[Round "6"]
[White "Martensson, Ulf"]
[Black "Riis, Jens"]
[Result "1/2-1/2"]
[WhiteElo "2132"]
[BlackElo "2236"]
[PlyCount "45"]
[EventDate "2012.??.??"]

1. Nf3 Nf6 2. c4 c6 3. Nc3 d5 4. cxd5 cxd5 5. d4 Nc6 6. Bf4 a6 7. e3 Bg4 8. Be2
e6 9. O-O Bd6 10. Bxd6 Qxd6 11. a3 O-O 12. Rc1 Rfc8 13. b4 Rc7 14. Na4 Na7 15.
Rxc7 Qxc7 16. Qc1 Rc8 17. Qxc7 Rxc7 18. Nc5 Ne4 19. h3 Bxf3 20. gxf3 Nd6 21. a4
g5 22. Rb1 Kf8 23. Kg2 1/2-1/2

[Event "Elit(Manhem-LASK)"]
[Site "?"]
[Date "2012.02.19"]
[Round "4"]
[White "Grandelius, Nils"]
[Black "Nithander, Victor"]
[Result "1-0"]
[WhiteElo "2602"]
[BlackElo "2519"]
[PlyCount "107"]
[EventDate "2012.??.??"]
[SourceDate "2012.02.29"]

1. g3 g6 2. Bg2 Bg7 3. c4 Nf6 4. Nc3 O-O 5. d4 d6 6. Nf3 Nbd7 7. O-O e5 8. e4
exd4 9. Nxd4 Re8 10. h3 c6 11. Be3 Nc5 12. Qc2 Qe7 13. Rfe1 h6 14. Rad1 Nfd7
15. b3 Kh7 16. Re2 a5 17. f3 Nf8 18. Bf2 Bd7 19. Red2 Rad8 20. a3 Bc8 21. b4
axb4 22. axb4 Nce6 23. Nf5 gxf5 24. exf5 Kh8 25. fxe6 Bxe6 26. Bb6 Rd7 27. Re1
d5 28. Bc5 Qg5 29. cxd5 cxd5 30. Ne2 Bf5 31. Qd1 Ne6 32. Bf2 Red8 33. Bb6 Rc8
34. Rxd5 Bc2 35. f4 Qf6 36. Qd2 Rxd5 37. Qxd5 Nxf4 38. Qxb7 Nxe2+ 39. Rxe2 Bf5
40. Bc5 Rg8 41. Qf3 Qg5 42. Bf2 Be6 43. Kh2 Qb5 44. Bc5 Qc4 45. Re4 Qd5 46. Qe3
Qg5 47. Rh4 Qxe3 48. Bxe3 Kh7 49. b5 Rc8 50. b6 Rc2 51. Rf4 Rb2 52. Rf2 Rb3 53.
b7 Be5 54. Bf4 1-0

[Event "Elit(Manhem-LASK)"]
[Site "?"]
[Date "2012.02.19"]
[Round "4"]
[White "Welin, Mats"]
[Black "Smith, Axel"]
[Result "0-1"]
[WhiteElo "2353"]
[BlackElo "2514"]
[PlyCount "88"]
[EventDate "2012.??.??"]

1. e4 c5 2. Nf3 d6 3. d4 cxd4 4. Nxd4 Nf6 5. Nc3 a6 6. Be2 Nbd7 7. Be3 e6 8. f4
b5 9. a4 b4 10. Nc6 Qc7 11. Nxb4 d5 12. Nd3 dxe4 13. Nf2 Bb7 14. Qd4 Bc5 15.
Qc4 Rc8 16. Bxc5 Nxc5 17. O-O Qxf4 18. Qd4 Qg5 19. Nh3 Qh6 20. Qd6 Qe3+ 21. Kh1
Ncd7 22. Rad1 Rc6 23. Qd4 Qxd4 24. Rxd4 Ke7 25. Ng5 Ne5 26. Ngxe4 Nxe4 27. Rxe4
Rxc3 28. Rxe5 Rxc2 29. b4 Rd8 30. b5 a5 31. Kg1 Rd4 32. Ra1 f5 33. Bf3 Bxf3 34.
gxf3 Rdd2 35. Rae1 Rg2+ 36. Kh1 Rxh2+ 37. Kg1 Rcg2+ 38. Kf1 Rf2+ 39. Kg1 Rhg2+
40. Kh1 Rg6 41. Rb1 Rxf3 42. Re2 Rh3+ 43. Rh2 Rxh2+ 44. Kxh2 Kd7 0-1

[Event "Elit(Manhem-LASK)"]
[Site "?"]
[Date "2012.02.19"]
[Round "4"]
[White "Tikkanen, Hans"]
[Black "Hultin, Johan"]
[Result "1-0"]
[WhiteElo "2566"]
[BlackElo "2359"]
[PlyCount "73"]
[EventDate "2012.??.??"]

1. c4 Nf6 2. g3 c6 3. Bg2 d5 4. Nf3 dxc4 5. O-O Nbd7 6. Qc2 Nb6 7. a4 a5 8. Na3
Be6 9. Ne5 Qd4 10. Nxc6 bxc6 11. Bxc6+ Nfd7 12. Bxa8 Nxa8 13. d3 Bh3 14. Rd1 e5
15. Qxc4 Nab6 16. Qxd4 exd4 17. Bd2 Nxa4 18. Nb5 Nab6 19. Bxa5 Be7 20. Nc7+ Kf8
21. Bxb6 Nxb6 22. Nd5 Nc8 23. Rdc1 f6 24. Rxc8+ Bxc8 25. Ra7 Bd6 26. Nb6 Bc5
27. Rc7 Bh3 28. Rxc5 Kf7 29. Rc7+ Kg6 30. Nd5 Kh6 31. Nf4 Bf5 32. Rc5 g6 33. b4
Ra8 34. Rd5 Bc8 35. Rxd4 g5 36. Nd5 Ra2 37. Kf1 1-0

[Event "Elit(Manhem-LASK)"]
[Site "?"]
[Date "2012.02.19"]
[Round "4"]
[White "Nilsson, Sebastian"]
[Black "Moberg, Karl Johan"]
[Result "1/2-1/2"]
[WhiteElo "2417"]
[BlackElo "2337"]
[PlyCount "49"]
[EventDate "2012.??.??"]

1. e4 e5 2. Nf3 Nc6 3. Bc4 Nf6 4. Ng5 d5 5. exd5 Na5 6. Bb5+ c6 7. dxc6 bxc6 8.
Bd3 Nd5 9. Nf3 Bd6 10. O-O O-O 11. Re1 Re8 12. Nc3 f5 13. Nxd5 cxd5 14. Bb5 Bd7
15. Bxd7 Qxd7 16. d3 Nc6 17. b3 Rad8 18. Bb2 Qc7 19. g3 h6 20. Nh4 Qf7 21. Qf3
Rf8 22. Ng2 e4 23. Qe3 d4 24. Bxd4 Bb4 25. Bc5 1/2-1/2

[Event "Elit(Manhem-LASK)"]
[Site "?"]
[Date "2012.02.19"]
[Round "4"]
[White "Akesson, Joel"]
[Black "Olsson, Linus"]
[Result "1/2-1/2"]
[WhiteElo "2349"]
[BlackElo "2318"]
[PlyCount "35"]
[EventDate "2012.??.??"]

1. c4 c5 2. g3 Nf6 3. Bg2 e6 4. Nf3 Qc7 5. Nc3 a6 6. O-O d6 7. b3 b6 8. d4 cxd4
9. Qxd4 Bb7 10. Rd1 Nbd7 11. e4 Be7 12. Ba3 Nc5 13. e5 dxe5 14. Qxe5 Rc8 15.
Qxc7 Rxc7 16. Bxc5 Bxc5 17. Na4 Ke7 18. Nxc5 1/2-1/2

[Event "Elit(Manhem-LASK)"]
[Site "?"]
[Date "2012.02.19"]
[Round "4"]
[White "Riis, Jens"]
[Black "Kinnmark, Ove"]
[Result "1/2-1/2"]
[WhiteElo "2236"]
[BlackElo "2273"]
[PlyCount "37"]
[EventDate "2012.??.??"]

1. d4 Nf6 2. Nf3 e6 3. Bf4 b6 4. e3 Bb7 5. Nbd2 g6 6. Bd3 Bg7 7. e4 O-O 8. Bg5
h6 9. Bh4 Qe8 10. Qe2 Nh5 11. Bg3 d6 12. O-O-O Nd7 13. Kb1 a6 14. Rhe1 Nxg3 15.
hxg3 Qe7 16. g4 b5 17. e5 dxe5 18. Nxe5 Nxe5 19. dxe5 1/2-1/2

[Event "Elit(Manhem-LASK)"]
[Site "?"]
[Date "2012.02.19"]
[Round "4"]
[White "Fendrich, David"]
[Black "Dragicevic, Drazen"]
[Result "1/2-1/2"]
[WhiteElo "2254"]
[BlackElo "2338"]
[PlyCount "111"]
[EventDate "2012.??.??"]

1. c4 Nf6 2. g3 c5 3. Bg2 d5 4. cxd5 Nxd5 5. Nc3 Nc7 6. Nf3 Nc6 7. O-O e5 8. d3
Be7 9. Nd2 Bd7 10. Nc4 f6 11. f4 exf4 12. Bxf4 Ne6 13. Nd6+ Bxd6 14. Bxd6 Bc8
15. Bxc6+ bxc6 16. Ne4 Ng5 17. Bxc5 Qd5 18. Qb3 Nxe4 19. Qxd5 cxd5 20. dxe4
dxe4 21. Rfd1 Kf7 22. Rd4 Re8 23. Kf2 h5 24. Ke3 Bg4 25. b4 a6 26. Rad1 g5 27.
R1d2 Bf5 28. Rd6 Be6 29. a4 f5 30. a5 h4 31. gxh4 gxh4 32. Rb6 Reb8 33. Rdd6
Rxb6 34. Rxb6 Bc4 35. Kf4 Bxe2 36. Kxf5 Re8 37. Rf6+ Kg8 38. Rg6+ Kh7 39. Rf6
Bd3 40. Be3 Rb8 41. Rf7+ Kg8 42. Kg6 Rc8 43. Rg7+ Kf8 44. Bc5+ Ke8 45. Kg5 Rc6
46. Kxh4 Re6 47. Be3 Rf6 48. Rg3 Kf7 49. Kg5 Rg6+ 50. Kf5 Rxg3 51. hxg3 Kg8 52.
Ke5 Bb5 53. Kxe4 Bc6+ 54. Kd4 Bb5 55. Kc5 Bf1 56. g4 1/2-1/2

[Event "Elit(Vasteras-Solna)"]
[Site "?"]
[Date "2012.02.25"]
[Round "6"]
[White "Lindberg, Bengt"]
[Black "Eriksson, Johan"]
[Result "1/2-1/2"]
[WhiteElo "2460"]
[BlackElo "2434"]
[PlyCount "57"]
[EventDate "2012.??.??"]
[SourceDate "2012.02.29"]

1. e4 c5 2. Nf3 e6 3. d4 cxd4 4. Nxd4 a6 5. Nc3 d6 6. Bd3 Nf6 7. f4 Nbd7 8. Qe2
Nc5 9. O-O Be7 10. Kh1 O-O 11. Bd2 Re8 12. Nf3 g6 13. e5 Nfd7 14. Ne4 Nxe4 15.
Bxe4 Nc5 16. exd6 Qxd6 17. Rad1 Nxe4 18. Qxe4 Qd5 19. Qe3 Qc5 20. Qb3 b5 21.
Be3 Qb4 22. Qxb4 Bxb4 23. Ne5 Bb7 24. Nd7 Be7 25. Bd4 Rad8 26. Nf6+ Bxf6 27.
Bxf6 Rd5 28. Rxd5 Bxd5 29. a3 1/2-1/2

[Event "Elit(Vasteras-Solna)"]
[Site "?"]
[Date "2012.02.25"]
[Round "6"]
[White "Akesson, Ralf"]
[Black "Jonsson, Mikael"]
[Result "1-0"]
[WhiteElo "2442"]
[BlackElo "2367"]
[PlyCount "91"]
[EventDate "2012.??.??"]

1. d4 d5 2. c4 c6 3. Nf3 Nf6 4. e3 e6 5. Bd3 Nbd7 6. O-O Bd6 7. Nbd2 O-O 8. e4
e5 9. exd5 cxd5 10. cxd5 exd4 11. Nc4 Nb6 12. Nxd6 Qxd6 13. Nxd4 Nbxd5 14. Nf5
Qc7 15. Qf3 Re8 16. Bg5 Qe5 17. Rad1 Bxf5 18. Bxf5 g6 19. Bxf6 Nxf6 20. Bd3 Re7
21. b3 Kg7 22. Bc4 Rae8 23. a4 Qa5 24. h3 Qb4 25. Rd4 Re4 26. Rxe4 Rxe4 27. g3
a6 28. Rd1 Re1+ 29. Rxe1 Qxe1+ 30. Kg2 Qb4 31. Qe3 Qd6 32. Qf3 Qe7 33. Qe2 Qc5
34. Qd3 a5 35. Qf3 b6 36. Qb7 Qd4 37. Qxf7+ Kh6 38. Qf8+ Kg5 39. Qe7 Kh6 40. h4
g5 41. Qf8+ Kg6 42. h5+ Kf5 43. Qc8+ Ke4 44. Qe6+ Qe5 45. Bd3+ Kd4 46. Qc4# 1-0

[Event "Elit(Vasteras-Solna)"]
[Site "?"]
[Date "2012.02.25"]
[Round "6"]
[White "Bergstrom, Christer"]
[Black "Sjodahl, Pontus"]
[Result "0-1"]
[WhiteElo "2368"]
[BlackElo "2485"]
[PlyCount "50"]
[EventDate "2012.??.??"]

1. Nf3 Nf6 2. c4 e6 3. d4 d5 4. g3 dxc4 5. Bg2 Nc6 6. O-O Rb8 7. Qc2 b5 8. a4
a6 9. axb5 axb5 10. Rd1 Nb4 11. Qd2 Bb7 12. Qg5 Bd5 13. Nc3 h6 14. Qf4 Bd6 15.
Qh4 Be7 16. Qf4 Bxf3 17. Bxf3 O-O 18. Ra7 Bd6 19. Qh4 Nfd5 20. Qh5 Nf6 21. Qh4
Qe7 22. e4 e5 23. dxe5 Bxe5 24. Bf4 Nd3 25. Bxe5 Qxe5 0-1

[Event "Elit(Vasteras-Solna)"]
[Site "?"]
[Date "2012.02.25"]
[Round "6"]
[White "Norberg, Johan"]
[Black "Johansson, Gunnar"]
[Result "1/2-1/2"]
[WhiteElo "2349"]
[BlackElo "2251"]
[PlyCount "81"]
[EventDate "2012.??.??"]

1. e4 c5 2. Nf3 Nc6 3. d3 g6 4. g3 Bg7 5. Bg2 e5 6. Be3 d6 7. c3 Nge7 8. O-O
O-O 9. d4 exd4 10. cxd4 Qb6 11. Nc3 Qxb2 12. Rc1 Bg4 13. Na4 Qxa2 14. dxc5 dxc5
15. Nxc5 b6 16. Rc2 Qa5 17. Nd3 Rad8 18. Qe2 Qa6 19. Nf4 Qxe2 20. Nxe2 Rc8 21.
Ra2 Rfd8 22. Rb1 Na5 23. Nf4 Rc7 24. Nd2 Bc8 25. h4 Bb7 26. Nb3 Nxb3 27. Rxb3
Bc6 28. Rba3 Nc8 29. Rc2 Rdd7 30. Rd3 Rxd3 31. Nxd3 Ne7 32. Nb4 Rc8 33. Bh3 f5
34. Nxc6 Rxc6 35. Rd2 fxe4 36. Rd7 Nf5 37. Bxf5 gxf5 38. Rxa7 Bf8 39. Ra8 Kf7
40. Ra7+ Kg8 41. Ra6 1/2-1/2

[Event "Elit(Vasteras-Solna)"]
[Site "?"]
[Date "2012.02.25"]
[Round "6"]
[White "Karlsson, Tomas"]
[Black "Eriksson, Anders"]
[Result "1/2-1/2"]
[WhiteElo "2294"]
[BlackElo "2312"]
[PlyCount "84"]
[EventDate "2012.??.??"]

1. e4 c6 2. d4 d5 3. Nc3 dxe4 4. Nxe4 Nd7 5. Nf3 Ngf6 6. Nxf6+ Nxf6 7. Bc4 Bf5
8. O-O e6 9. c3 Bg4 10. h3 Bxf3 11. Qxf3 Be7 12. Bf4 O-O 13. Rad1 b5 14. Bd3
Qd5 15. Qxd5 Nxd5 16. Be5 Rfd8 17. Be4 Bd6 18. Rfe1 f6 19. Bxd6 Rxd6 20. g3
Rad8 21. Rd2 Kf7 22. Rde2 a5 23. h4 h6 24. Rc1 Ne7 25. a3 b4 26. axb4 axb4 27.
cxb4 Rxd4 28. Kg2 R8d6 29. b5 cxb5 30. Rc5 b4 31. Rb5 g5 32. hxg5 hxg5 33. Re3
f5 34. Bb7 Rc4 35. Re2 Kf6 36. b3 Rcd4 37. Rc2 e5 38. Rc4 Rd2 39. Rcxb4 e4 40.
Rb6 Rxb6 41. Rxb6+ Ke5 42. Kf1 Rb2 1/2-1/2

[Event "Elit(Vasteras-Solna)"]
[Site "?"]
[Date "2012.02.25"]
[Round "6"]
[White "Brustkern, Jurgen"]
[Black "Steneskog, Per"]
[Result "1/2-1/2"]
[WhiteElo "2281"]
[BlackElo "2249"]
[PlyCount "96"]
[EventDate "2012.??.??"]

1. d4 d5 2. c4 e6 3. Nc3 c5 4. e3 Nf6 5. Nf3 a6 6. dxc5 Bxc5 7. a3 O-O 8. b4
Be7 9. cxd5 exd5 10. Be2 Nc6 11. Bb2 Be6 12. Nd4 Qd7 13. O-O Rfd8 14. Na4 Qe8
15. Nxc6 bxc6 16. Qd4 Qf8 17. Rfc1 Ne4 18. Rxc6 Bd7 19. Qxd5 Bxc6 20. Qxc6 Nd2
21. Nb6 Rab8 22. Nd5 Rd6 23. Nxe7+ Qxe7 24. Qc3 f6 25. h3 Kh8 26. Rc1 h6 27.
Bd3 Qd7 28. Bg6 Rd8 29. Qc2 Qe6 30. Bf5 Qa2 31. Bd4 Qxc2 32. Rxc2 Nb3 33. Bc5
Rd1+ 34. Kh2 Rc1 35. Rxc1 Nxc1 36. a4 Nb3 37. Bb6 Rd5 38. Be4 Rd7 39. Bc6 Rd1
40. b5 axb5 41. axb5 Kg8 42. g4 Kf7 43. h4 Ke6 44. Bc7 Nc5 45. h5 f5 46. gxf5+
Kxf5 47. b6 Rb1 48. f3 Ke6 1/2-1/2